000 00231nam a22000857a 4500
999 _c11504
_d11504
008 190530b ||||| |||| 00| 0 eng d
020 _a9781576581643
100 _97221
_aBENGE J G
245 _aCAMERON TOWNSEND GOOD NEWS IN EVERY LANGUAGE